The preacher and his models. (Record no. 11552)

000 -LEADER
fixed length control field 00668nam a2200193 a 4500
001 - CONTROL NUMBER
control field :::00009351$&:&@@
003 - CONTROL NUMBER IDENTIFIER
control field OkBaRHE
005 - DATE AND TIME OF LATEST TRANSACTION
control field 20100401162407.0
008 - FIXED-LENGTH DATA ELEMENTS--GENERAL INFORMATION
fixed length control field s1967 j 000 0 eng u
040 ## - CATALOGING SOURCE
Transcribing agency
100 1# - MAIN ENTRY--PERSONAL NAME
Personal name Stalker, James, 1848-1927.
245 14 - TITLE STATEMENT
Title The preacher and his models.
Statement of responsibility, etc Introduction by Ralph G. Turnbull.
260 ## - PUBLICATION, DISTRIBUTION, ETC. (IMPRINT)
Place of publication, distribution, etc Grand Rapids, MI., :
Name of publisher, distributor, etc Baker Book House
Date of publication, distribution, etc 1967
300 ## - PHYSICAL DESCRIPTION
Extent 284 p. ;
Dimensions 20 cm.
490 0# - SERIES STATEMENT
Series statement The Yale lectures on preaching, 1891. Notable books on preaching
650 ## - SUBJECT ADDED ENTRY--TOPICAL TERM
Topical term or geographic name as entry element Preaching
942 ## - ADDED ENTRY ELEMENTS (KOHA)
Source of classification or shelving scheme
Koha item type Books
Copies
Permanent Location Price effective from Date acquired Source of classification or shelving scheme Lost status Barcode Shelving location Full call number Not for loan Withdrawn status Koha item type Date last seen Copy number Damaged status
RHEMA Bible Training College2010-04-142010-04-14  9351General StacksBV 4211 .S7 1967  Books2010-04-141